[Event "Alberta-ch U20"]
[Site "Calgary"]
[Date "2013.11.10"]
[Round "5"]
[White "Wang, Harris"]
[Black "Shi, Diwen"]
[Result "0-1"]
[WhiteElo "1863"]
[BlackElo "2143"]
[PlyCount "46"]
[EventDate "2013.11.09"]
[EventType "tourn"]
[EventRounds "5"]
[EventCountry "CAN"]
[SourceTitle "EXT 2022"]
[Source "ChessBase"]
[SourceDate "2021.10.06"]
[SourceVersion "1"]
[SourceVersionDate "2021.10.06"]
[SourceQuality "1"]

1. e4 c5 2. Nc3 Nc6 3. d3 g6 4. Be3 d6 5. g3 Bg7 6. Bg2 Nf6 7. h3 Rb8 8. Qd2 0-0 9. Bh6 b5 10. Bxg7 Kxg7 11. f4 b4 12. Nd1 Qc7 13. Ne2 a5 14. 0-0 Ba6 15. f5 c4 16. d4 c3 17. bxc3 Bxe2 18. Qxe2 bxc3 19. Qf2 Rb4 20. Nxc3 Nxd4 21. fxg6 Qxc3 22. gxh7 Qxc2 23. Qe3 Rb2 0-1

[Event "CAN-ch U12"]
[Site "Ottawa"]
[Date "2007.07.05"]
[Round "6"]
[White "Wang, Harris"]
[Black "Lepine, Cedric"]
[Result "1-0"]
[WhiteElo "1645"]
[BlackElo "1516"]
[PlyCount "105"]
[EventDate "2007.07.03"]
[EventType "swiss"]
[EventRounds "7"]
[EventCountry "CAN"]
[SourceTitle "EXT 2022"]
[Source "ChessBase"]
[SourceDate "2021.10.06"]
[SourceVersion "1"]
[SourceVersionDate "2021.10.06"]
[SourceQuality "1"]

1. e4 e5 2. Nf3 Nc6 3. Bb5 d6 4. d4 exd4 5. Nxd4 Bd7 6. 0-0 Nxd4 7. Bxd7+ Qxd7 8. Qxd4 Nf6 9. Nc3 Be7 10. Be3 0-0 11. f3 c5 12. Qd3 a6 13. Rad1 Qc6 14. Nd5 Nxd5 15. Qxd5 Qxd5 16. Rxd5 b5 17. Bf4 Rfd8 18. Rfd1 Kf8 19. Bxd6 Bxd6 20. Rxd6 Ke7 21. Rxd8 Rxd8 22. Rxd8 Kxd8 23. Kf2 Ke7 24. Ke3 Ke6 25. f4 a5 26. c3 f6 27. g4 g5 28. b3 c4 29. bxc4 bxc4 30. fxg5 fxg5 31. Kd4 Kd6 32. Kxc4 Ke5 33. Kd3 a4 34. a3 h6 35. h3 Kd6 36. Kd4 Kc6 37. e5 Kd7 38. Kd5 Ke7 39. e6 Ke8 40. Kd6 Kd8 41. e7+ Ke8 42. c4 h5 43. gxh5 g4 44. hxg4 Kf7 45. Kd7 Kf6 46. e8Q Kg5 47. Qg6+ Kh4 48. h6 Kg3 49. h7 Kh4 50. h8Q+ Kg3 51. Qd3+ Kf4 52. Qf6+ Kxg4 53. Qdg6+ 1-0